000 01126nam a2200301Ia 4500
003 OSt
005 20210413093134.0
008 210310t2008 eu fr 001 0 eng d
020 _a9780691148212
040 _aCO-JMCR
_cCO-JMCR
041 0 _aeng
082 0 4 _a336.2001 /
_bK176t
_223
100 1 _aKaplow, Liouis,
_914774
_eautor
245 1 4 _aThe theory of taxation and public economics /
_cLouis Kaplow
260 _aNueva York,
_bPrinceton University Press,
_c©2008
300 _b472 páginas ;
_c23 cm.
500 _aIncluye notas a pie de páginas e índice analítico
504 _aBibliografía: páginas [417]-454
505 0 _aFramework -- Optimal taxation -- Government expenditures -- Additional aspects of taxation -- Distributive justice and social welfare
650 1 4 _aEconomía del bienestar
_914776
650 2 4 _aImpuesto sobre la renta
_96672
650 2 4 _aJusticia distributiva
_936750
650 2 4 _aFiscalidad - Teoría del beneficio
_936751
650 2 4 _aLa política fiscal
_936752
650 2 4 _aDistribución (teoría económica)
_936753
650 2 4 _aImpuestos
_936754
942 _2ddc
_cBK
999 _c7557
_d7557